羽幌線の駅 - Statistics

General Stats
  • This quiz has been taken 40 times
  • The average score is 16 of 39
Answer Stats
駅名 自治体 % Correct
羽幌駅 羽幌町
100%
初山別駅 初山別村
94%
苫前駅 苫前町
91%
遠別駅 遠別町
91%
幌延駅 幌延町
91%
小平駅 小平町
88%
天塩駅 天塩町
88%
築別駅 羽幌町
58%
鬼鹿駅 小平町
52%
力昼駅 苫前町
45%
古丹別駅 苫前町
45%
三泊駅 留萌市
36%
天塩有明駅 初山別村
36%
更岸駅 天塩町
36%
天塩栄駅 初山別村
33%
歌越駅 遠別町
33%
振老駅 天塩町
33%
番屋ノ沢仮乗降場 苫前町
30%
豊岬駅 初山別村
30%
中川口仮乗降場 天塩町
30%
北川口駅 天塩町
30%
作返仮乗降場 天塩町
30%
臼谷駅 小平町
27%
大椴駅 小平町
27%
千松仮乗降場 小平町
27%
上平駅 苫前町
27%
干拓仮乗降場 天塩町
24%
留萠駅 留萌市
21%
花岡仮乗降場 小平町
21%
富岡仮乗降場 小平町
21%
下ノ滝仮乗降場 羽幌町
21%
天塩大沢駅 初山別村
21%
共成駅 初山別村
21%
天塩金浦駅 遠別町
21%
啓明仮乗降場 遠別町
21%
丸松駅 遠別町
21%
興津仮乗降場 苫前町
18%
西振老仮乗降場 天塩町
18%
北里仮乗降場 遠別町
15%
No matching quizzes found
Score Distribution
Percent of People with Each Score
Percentile by Number Answered
Your Score History
You have not taken this quiz